000 00423nam a2200145Ia 4500
008 090122s9999 xx 000 0 und d
082 _b5434
_a891.4681
100 _aमेहता
_bनरेश
245 _aमहा प्रस्थान
600 _aमेहता
630 _aमहा प्रस्थान
700 _aमेहता
730 _aमहा प्रस्थान
942 _cBOOK
999 _c29512
_d29512